000 00454nab a2200145Ia 4500
003 ES-SlBCS
005 20210601141901.0
008 140529s1981 xxu||||| |||| 00| 0 spa d
041 _aspa
100 1 _aLuban Plozza, Boris
_9177104
245 0 0 _aLos grupos Balint. Una forma diferente de trabajo médico
_c Boris Luban Plozza
650 0 4 _aMedicina
_914377
773 0 _tFolia Humanistica
_gvol. 19, nº. 218, 1981, págs. 197-203
_wRev1220
942 _cAR
999 _c667944
_d667944